000 00420nam a2200157Ia 4500
008 230917s9999||||xx |||||||||||||| ||und||
040 _e216770
_aMAIN
041 _aEnglish
082 _a153.8 D357M(4)
100 _aDeckers, Lambert
245 0 _aMotivation: Biological, psychological and environmental
250 _a4th. ed.
260 _aBoston
_bPearson Education
_c2014
300 _axvii, 442 p.
942 _cBK
999 _c178871
_d178871